000 00601nam a2200217Ii 4500
001 12983
003 CO-ViMGA
008 241108s9999||||xx |||||||||||||| ||und||
020 _a9789804120749
040 _aCO-ViMGA
_bspa
_erda
_cCO-ViMGA
041 0 _aspa
084 _aN TOR2e
100 1 _aAna Teresa Torres
_944717
245 1 0 _aEl exilio del tiempo
264 1 _aCaracas, Venezuela : Bruguera, 2017
300 _avolumen
336 _atext
_btxt
_2rdacontent
337 _aunmediated
_bn
_2rdamedia
338 _avolume
_bnc
_2rdacarrier
940 _aidficha_siabuc: 12690. -- ficha_no_siabuc:12983
999 _c39183
_d39183